Justicia de transición: informes de América Latina, Alemania, Italia y España
Shranjeno v:
| Main Authors: | , , |
|---|---|
| Format: | Knjiga |
| Jezik: | španščina |
| Izdano: |
Berlín
Konrad Adenauer Stiftung
2009
|
| Teme: | |
| Oznake: |
Označite
Brez oznak, prvi označite!
|
MARC
| LEADER | 00000nam a2200000 a 4500 | ||
|---|---|---|---|
| 001 | UCH2379 | ||
| 003 | CL-VaPUC | ||
| 005 | 20220315074421.0 | ||
| 008 | 090611e20090000gw 1 spa d | ||
| 020 | |a 9789974809963 | ||
| 082 | 0 | 4 | |a 341.77 |b AMB |2 21 |
| 100 | 1 | |a Ambos, Kai |e author |9 621402 | |
| 700 | 1 | |a Malarino, Ezequiel |e author |9 621403 | |
| 700 | 1 | |a Elsner, Gisela |e author |9 621404 | |
| 245 | 1 | 0 | |a Justicia de transición: informes de América Latina, Alemania, Italia y España |
| 260 | |a Berlín |b Konrad Adenauer Stiftung |c 2009 | ||
| 300 | |a 555 p | ||
| 583 | |a last modification |c 20190908 06:53:06 |k Rodrigo Vera | ||
| 650 | 0 | 0 | |a Derecho penal internacional |9 371889 |
| 650 | 0 | 0 | |a Jurisprudencia |9 255952 |
| 650 | 0 | 0 | |a Congresos |9 257560 |
| 942 | |c BK | ||
| 945 | |a rbrito |d 20090611 00:00:00 | ||
| 546 | |a En Español | ||
| 536 | |a Fundación Konrad Adenauer | ||
| 518 | |p Seminario Internacional la justicia de transición, 1, Valparaíso, 1-4 de abril 2008 | ||
| 999 | |c 384439 |d 384437 | ||
| 952 | |0 0 |1 0 |4 0 |6 341_770000000000000_AMB_2009 |7 0 |8 A |9 507147 |a BIBDER |b BIBDER |d 2020-01-23 |i 4545532 |o 341.77 AMB 2009 |p 4545532 |r 2023-01-25 |w 2020-01-23 |y BK |k DER | ||